<?xml version="1.0" encoding="UTF-8"?>
<record
    xmlns:xsi="http://www.w3.org/2001/XMLSchema-instance"
    xsi:schemaLocation="http://www.loc.gov/MARC21/slim http://www.loc.gov/standards/marcxml/schema/MARC21slim.xsd"
    xmlns="http://www.loc.gov/MARC21/slim">

  <leader>     nam a22     7a 4500</leader>
  <datafield tag="999" ind1=" " ind2=" ">
    <subfield code="c">40856</subfield>
    <subfield code="d">40856</subfield>
  </datafield>
  <controlfield tag="003">OSt</controlfield>
  <controlfield tag="005">20171106105919.0</controlfield>
  <controlfield tag="008">171106b        xxu||||| |||| 00| 0 eng d</controlfield>
  <datafield tag="040" ind1=" " ind2=" ">
    <subfield code="c">sero soft</subfield>
  </datafield>
  <datafield tag="100" ind1=" " ind2=" ">
    <subfield code="a">YADAV DR ABHE SINGH</subfield>
  </datafield>
  <datafield tag="245" ind1=" " ind2=" ">
    <subfield code="a">RIGHT TO INFORMATION ACT,2005</subfield>
  </datafield>
  <datafield tag="260" ind1=" " ind2=" ">
    <subfield code="a">ALLAHABAD</subfield>
    <subfield code="b">CENTRAL LAW PUB</subfield>
    <subfield code="c">2016</subfield>
  </datafield>
  <datafield tag="300" ind1=" " ind2=" ">
    <subfield code="a">310</subfield>
  </datafield>
  <datafield tag="942" ind1=" " ind2=" ">
    <subfield code="2">ddc</subfield>
    <subfield code="c">02</subfield>
  </datafield>
  <datafield tag="952" ind1=" " ind2=" ">
    <subfield code="0">0</subfield>
    <subfield code="1">0</subfield>
    <subfield code="2">ddc</subfield>
    <subfield code="4">0</subfield>
    <subfield code="7">0</subfield>
    <subfield code="a">04</subfield>
    <subfield code="b">04</subfield>
    <subfield code="d">2017-11-06</subfield>
    <subfield code="e">WESTERN LAW HOUSE</subfield>
    <subfield code="g">140.00</subfield>
    <subfield code="i">00000830/ 17   02-11-17</subfield>
    <subfield code="l">3</subfield>
    <subfield code="p">04-B-5711</subfield>
    <subfield code="r">2023-02-09</subfield>
    <subfield code="s">2022-11-15</subfield>
    <subfield code="w">2017-11-06</subfield>
    <subfield code="y">02</subfield>
  </datafield>
  <datafield tag="952" ind1=" " ind2=" ">
    <subfield code="0">0</subfield>
    <subfield code="1">0</subfield>
    <subfield code="2">ddc</subfield>
    <subfield code="4">0</subfield>
    <subfield code="7">0</subfield>
    <subfield code="a">04</subfield>
    <subfield code="b">04</subfield>
    <subfield code="d">2017-11-06</subfield>
    <subfield code="e">WESTERN LAW HOUSE</subfield>
    <subfield code="g">140.00</subfield>
    <subfield code="i">00000830/ 17   02-11-17</subfield>
    <subfield code="l">4</subfield>
    <subfield code="m">1</subfield>
    <subfield code="p">04-B-5712</subfield>
    <subfield code="r">2025-02-03</subfield>
    <subfield code="s">2025-01-09</subfield>
    <subfield code="w">2017-11-06</subfield>
    <subfield code="y">02</subfield>
  </datafield>
  <datafield tag="952" ind1=" " ind2=" ">
    <subfield code="0">0</subfield>
    <subfield code="1">0</subfield>
    <subfield code="2">ddc</subfield>
    <subfield code="4">0</subfield>
    <subfield code="7">0</subfield>
    <subfield code="a">04</subfield>
    <subfield code="b">04</subfield>
    <subfield code="d">2017-11-06</subfield>
    <subfield code="e">WESTERN LAW HOUSE</subfield>
    <subfield code="g">140.00</subfield>
    <subfield code="i">00000830/ 17   02-11-17</subfield>
    <subfield code="l">3</subfield>
    <subfield code="p">04-B-5713</subfield>
    <subfield code="r">2022-04-05</subfield>
    <subfield code="s">2021-11-02</subfield>
    <subfield code="w">2017-11-06</subfield>
    <subfield code="y">02</subfield>
  </datafield>
  <datafield tag="952" ind1=" " ind2=" ">
    <subfield code="0">0</subfield>
    <subfield code="1">0</subfield>
    <subfield code="2">ddc</subfield>
    <subfield code="4">0</subfield>
    <subfield code="7">0</subfield>
    <subfield code="a">04</subfield>
    <subfield code="b">04</subfield>
    <subfield code="d">2017-11-06</subfield>
    <subfield code="e">WESTERN LAW HOUSE</subfield>
    <subfield code="g">140.00</subfield>
    <subfield code="i">00000830/ 17   02-11-17</subfield>
    <subfield code="l">5</subfield>
    <subfield code="m">1</subfield>
    <subfield code="p">04-B-5714</subfield>
    <subfield code="r">2023-03-17</subfield>
    <subfield code="s">2023-01-18</subfield>
    <subfield code="w">2017-11-06</subfield>
    <subfield code="y">02</subfield>
  </datafield>
  <datafield tag="952" ind1=" " ind2=" ">
    <subfield code="0">0</subfield>
    <subfield code="1">0</subfield>
    <subfield code="2">ddc</subfield>
    <subfield code="4">0</subfield>
    <subfield code="7">0</subfield>
    <subfield code="a">04</subfield>
    <subfield code="b">04</subfield>
    <subfield code="d">2017-11-06</subfield>
    <subfield code="e">WESTERN LAW HOUSE</subfield>
    <subfield code="g">140.00</subfield>
    <subfield code="i">00000830/ 17   02-11-17</subfield>
    <subfield code="l">4</subfield>
    <subfield code="p">04-B-5715</subfield>
    <subfield code="r">2024-01-30</subfield>
    <subfield code="s">2023-10-25</subfield>
    <subfield code="w">2017-11-06</subfield>
    <subfield code="y">02</subfield>
  </datafield>
  <datafield tag="952" ind1=" " ind2=" ">
    <subfield code="0">0</subfield>
    <subfield code="1">0</subfield>
    <subfield code="2">ddc</subfield>
    <subfield code="4">0</subfield>
    <subfield code="7">0</subfield>
    <subfield code="a">04</subfield>
    <subfield code="b">04</subfield>
    <subfield code="d">2017-11-06</subfield>
    <subfield code="e">WESTERN LAW HOUSE</subfield>
    <subfield code="g">140.00</subfield>
    <subfield code="i">00000830/ 17   02-11-17</subfield>
    <subfield code="l">7</subfield>
    <subfield code="p">04-B-5716</subfield>
    <subfield code="r">2024-02-20</subfield>
    <subfield code="s">2023-12-11</subfield>
    <subfield code="w">2017-11-06</subfield>
    <subfield code="y">02</subfield>
  </datafield>
  <datafield tag="952" ind1=" " ind2=" ">
    <subfield code="0">0</subfield>
    <subfield code="1">0</subfield>
    <subfield code="2">ddc</subfield>
    <subfield code="4">0</subfield>
    <subfield code="7">0</subfield>
    <subfield code="a">04</subfield>
    <subfield code="b">04</subfield>
    <subfield code="d">2017-11-06</subfield>
    <subfield code="e">WESTERN LAW HOUSE</subfield>
    <subfield code="g">140.00</subfield>
    <subfield code="i">00000830/ 17   02-11-17</subfield>
    <subfield code="l">9</subfield>
    <subfield code="p">04-B-5717</subfield>
    <subfield code="q">2026-07-31</subfield>
    <subfield code="r">2026-02-09</subfield>
    <subfield code="s">2026-02-09</subfield>
    <subfield code="w">2017-11-06</subfield>
    <subfield code="y">02</subfield>
  </datafield>
  <datafield tag="952" ind1=" " ind2=" ">
    <subfield code="0">0</subfield>
    <subfield code="1">0</subfield>
    <subfield code="2">ddc</subfield>
    <subfield code="4">0</subfield>
    <subfield code="7">0</subfield>
    <subfield code="a">04</subfield>
    <subfield code="b">04</subfield>
    <subfield code="d">2017-11-06</subfield>
    <subfield code="e">WESTERN LAW HOUSE</subfield>
    <subfield code="g">140.00</subfield>
    <subfield code="i">00000830/ 17   02-11-17</subfield>
    <subfield code="l">3</subfield>
    <subfield code="p">04-B-5718</subfield>
    <subfield code="r">2022-03-08</subfield>
    <subfield code="s">2021-10-08</subfield>
    <subfield code="w">2017-11-06</subfield>
    <subfield code="y">02</subfield>
  </datafield>
  <datafield tag="952" ind1=" " ind2=" ">
    <subfield code="0">0</subfield>
    <subfield code="1">0</subfield>
    <subfield code="2">ddc</subfield>
    <subfield code="4">0</subfield>
    <subfield code="7">0</subfield>
    <subfield code="a">04</subfield>
    <subfield code="b">04</subfield>
    <subfield code="d">2017-11-06</subfield>
    <subfield code="e">WESTERN LAW HOUSE</subfield>
    <subfield code="g">140.00</subfield>
    <subfield code="i">00000830/ 17   02-11-17</subfield>
    <subfield code="l">5</subfield>
    <subfield code="p">04-B-5719</subfield>
    <subfield code="r">2023-01-24</subfield>
    <subfield code="s">2021-11-02</subfield>
    <subfield code="w">2017-11-06</subfield>
    <subfield code="y">02</subfield>
  </datafield>
  <datafield tag="952" ind1=" " ind2=" ">
    <subfield code="0">0</subfield>
    <subfield code="1">0</subfield>
    <subfield code="2">ddc</subfield>
    <subfield code="4">0</subfield>
    <subfield code="7">0</subfield>
    <subfield code="a">04</subfield>
    <subfield code="b">04</subfield>
    <subfield code="d">2017-11-06</subfield>
    <subfield code="e">WESTERN LAW HOUSE</subfield>
    <subfield code="g">140.00</subfield>
    <subfield code="i">00000830/ 17   02-11-17</subfield>
    <subfield code="l">3</subfield>
    <subfield code="p">04-B-5720</subfield>
    <subfield code="r">2022-02-25</subfield>
    <subfield code="s">2021-11-02</subfield>
    <subfield code="w">2017-11-06</subfield>
    <subfield code="y">02</subfield>
  </datafield>
</record>
